000 00271nam a2200109Ia 4500
008 200302s9999 xx 000 0 und d
100 _aCharles W. Moore & Jane Lidz
245 _aWater + Architecure
260 _bThames and Hudson Ltd.
260 _c1994
300 _a224 P.,
999 _c1188
_d1188